1393 1053 1832 1930 1807 1221 1333 1825 1789 1133 1611 1589 1181 1545 1638 1622 1931 1180 1174 1778 1307 1744 1054 1291 1265 1680 1281 1942 1918 1377 1865 1586 1674 1557 1877 1829 1335 1825 1140 1232 1542 1282 1181 1285 1711 1653 1661 1371 1005 1182 1263 1066 1584 1988 1007 1130 1132 1372 1637 1411 1320 1924 1303 1315 1223 1190 1508 1085 1147 1817 1293 1704 1359 1739 1734 1344 1214 1035 1562 1827 1848 1271 1274 1448 1429 1577 1211 1148 1357 1566 1037 1145 1177 1770 1532 1524 1614 1736 1152 BCNSPRNW ULIB Ver.6.0+V

เปลี่ยนเป็นภาษาไทย

Change to English
 แสดงรายละเอียดบรรณานุกรม
  กลับหน้าหลัก

Brief Record : Get Marc (ISO 2709) : E-mail record : QR code < ปิดหน้าต่าง
LEADER : 00000nas 2200000uu 4500
001    13399126186
003     ULIB
008    180711s2561||||th 000 0 tha d
022 0  ^a08589739
110 1  ^aรามาธิบดีพยาบาลสาร
245 00 ^aรามาธิบดีพยาบาลสาร^cมหาวิทยาลัยมหิดล
260    ^aกรุงเทพฯ;^bมหาวิทยาลัยมหิดล,^c2561
310    ^aรายสี่เดือน
850 ^a ULIB^bปีที่ 24 ฉบับที่ 1 ฉ.1 ;ปีที่ 24 ฉบับที่ 2 ฉ.1
945    ^p0^l0^i904930
945    ^p0^l0^i905067
999    ^aประนอม เกษจรัล
รายการนี้ยังไม่มีแท็ก
คุณยังไม่ได้ล็อกอิน คุณสามารถมีกิจกรรมร่วมกับเว็บไซต์ได้ แต่ต้องล็อกอินก่อน ::
  ล็อกอิน

รายการสื่อสารสนเทศ (วารสาร)

ดูแบบ: กล่อง รายการ
ARRIVED
ปีที่ 24 ฉบับที่ 1 ฉ.1
สถานที่: ห้องสมุดวิทยาเขตสวรรค์ประชารักษ์ >วารสาร
ARRIVED
ปีที่ 24 ฉบับที่ 2 ฉ.1
สถานที่: ห้องสมุดวิทยาเขตสวรรค์ประชารักษ์ >วารสาร

BibComment


ยังไม่เคยถูกคอมเมนท์

คอมเมนท์ทรัพยากรรายการนี้
  คอมเมนท์: รามาธิบดีพยาบาลส..


 Copyright 2026. Bcnsprnw @Library